000 03898nam a22004097a 4500
005 20100925152628.0
010 _aB-413432-448
020 _a9788174466433
_c295.00
035 _aB-413432-448
037 _bPUB/Excel
082 _a658.3
100 _aKrishnaveni, R.
_921698
245 _aHuman resource development :
_ba researcher's perspective /
_cby R. Krishnaveni
260 _aNew Delhi
_bExcel Books
_c2009
270 _aA-45, Narina, Phase I
_bNew Delhi
_e110028
300 _axviii, 399p.:
_c26 cm. (Pbk)
_eillu.
500 _aincludes Index
942 _2ddc
_cEN
_mKRI
_h658.3
999 _c35652
_d35652